000 00794nam a22002057a 4500
999 _c19290
_d19290
003 AR-CdUCM
008 190517b ||||| |||| 00| 0 spa d
040 _aMUNICIPALIDAD PROVINCIAL DEL CUSCO
_cBIBLIOTECA MUNICIPAL DEL CUSCO
082 _a374.11985 /
_bUN61
110 _aUniversidad Federico Villareal
_940552
245 _aSociología de la educación en el siglo XX /
260 _aLima :
_bUFV,
_c1973.
300 _a315 páginas ;
_c21 cm.
_bMapas, cuadros, estadística,
505 _aContenido: De la sociología. El reto del Perú comunitario y la república -- La élite universitaria y la oligarquía -- La insurgencia de la juventud ...
650 _aSociología
_9276
650 _aEducación
_9460
650 _aPerú
_935
942 _2ddc
_cLIBROS
945 _arah
_d2019-05-17